Basic fluid mechanics (Record no. 454)

MARC details
000 -LEADER
Fixed length control field 00502nam a2200181 4500
003 - CONTROL NUMBER IDENTIFIER
Control field SEACOMEC
005 - DATE AND TIME OF LATEST TRANSACTION
Control field 20240111132839.0
008 - FIXED-LENGTH DATA ELEMENTS--GENERAL INFORMATION
Fixed length control field 240111b |||||||| |||| 00| 0 eng d
020 ## - INTERNATIONAL STANDARD BOOK NUMBER / ISBN
Price Rs.250.00
040 ## - CATALOGING SOURCE
Original cataloging agency SEACOMEC
082 ## - DEWEY DECIMAL CLASSIFICATION NUMBER
Classification number 620.102
Book Number K87
100 ## - MAIN ENTRY--PERSONAL NAME
Personal name Kathandaragman,C.P.
245 1# - TITLE STATEMENT
Title Basic fluid mechanics
Statement of responsibility C.P. Kathandaragman,R. Rudramoorthy
260 ## - IMPRINT
Place of publication New Delhi
Name of publisher New Age
Date of publication 1999
650 ## - SUBJECT ADDED ENTRY--TOPICAL TERM
Topical term Technology,Engineering mechanics and materials
700 ## - ADDED ENTRY--PERSONAL NAME
Personal name Rudramoorthy,R.
942 ## - ADDED ENTRY ELEMENTS (KOHA)
Koha item type Books
Holdings
Withdrawn status Lost status Source of classification Damaged status Not for loan Home library Current library Date acquired Total Checkouts Call number Accession number Date last seen Copy number Price effective from Koha item type
    Dewey Decimal Classification     SEACOM ENGINEERING COLLEGE SEACOM ENGINEERING COLLEGE 04/06/2006   620.102 K87 01502 11/01/2024 10 11/01/2024 Books
    Dewey Decimal Classification     SEACOM ENGINEERING COLLEGE SEACOM ENGINEERING COLLEGE 04/06/2006   620.102 K87 01503 11/01/2024 11 11/01/2024 Books
    Dewey Decimal Classification     SEACOM ENGINEERING COLLEGE SEACOM ENGINEERING COLLEGE 04/06/2006   620.102 K87 01504 11/01/2024 12 11/01/2024 Books
    Dewey Decimal Classification     SEACOM ENGINEERING COLLEGE SEACOM ENGINEERING COLLEGE 04/06/2006   620.102 K87 01505 11/01/2024 13 11/01/2024 Books
    Dewey Decimal Classification     SEACOM ENGINEERING COLLEGE SEACOM ENGINEERING COLLEGE 04/06/2006   620.102 K87 01506 11/01/2024 14 11/01/2024 Books
    Dewey Decimal Classification     SEACOM ENGINEERING COLLEGE SEACOM ENGINEERING COLLEGE 04/06/2006   620.102 K87 01507 11/01/2024 15 11/01/2024 Books
    Dewey Decimal Classification     SEACOM ENGINEERING COLLEGE SEACOM ENGINEERING COLLEGE 04/06/2006   620.102 K87 01508 11/01/2024 16 11/01/2024 Books
    Dewey Decimal Classification     SEACOM ENGINEERING COLLEGE SEACOM ENGINEERING COLLEGE 04/06/2006   620.102 K87 01509 11/01/2024 17 11/01/2024 Books
    Dewey Decimal Classification     SEACOM ENGINEERING COLLEGE SEACOM ENGINEERING COLLEGE 04/06/2006   620.102 K87 01510 11/01/2024 18 11/01/2024 Books
    Dewey Decimal Classification     SEACOM ENGINEERING COLLEGE SEACOM ENGINEERING COLLEGE 04/06/2006   620.102 K87 01511 11/01/2024 19 11/01/2024 Books
© Seacom Engineering College, All rights reserved.      Powered by Koha